| 000 -LEADER |
| fixed length control field |
00445nam a2200145Ia 4500 |
| 008 - FIXED-LENGTH DATA ELEMENTS--GENERAL INFORMATION |
| fixed length control field |
220726s9999||||xx |||||||||||||| ||und|| |
| 020 ## - INTERNATIONAL STANDARD BOOK NUMBER |
| International Standard Book Number |
9788194898634 |
| 082 ## - DEWEY DECIMAL CLASSIFICATION NUMBER |
| Classification number |
610 |
| Item number |
Aga/C |
| 100 ## - MAIN ENTRY--PERSONAL NAME |
| Personal name |
Agarwal, Gaurav & Kaur, Parmeet |
| 245 #0 - TITLE STATEMENT |
| Title |
Agarwal-Computer Application in Pharmacy: Theory And Practical For 2nd Semester Bachelor in Pharmacy |
| 250 ## - EDITION STATEMENT |
| Edition statement |
1st Edition |
| 260 ## - PUBLICATION, DISTRIBUTION, ETC. |
| Place of publication, distribution, etc. |
New Delhi |
| Name of publisher, distributor, etc. |
CBS Publishers |
| Date of publication, distribution, etc. |
2021 |
| 300 ## - PHYSICAL DESCRIPTION |
| Extent |
121 |
| 942 ## - ADDED ENTRY ELEMENTS (KOHA) |
| Koha item type |
|